Detalles MARC
| 000 -LEADER |
| fixed length control field |
01529cam a2200397 i 4500 |
| 001 - CONTROL NUMBER |
| control field |
64352 |
| 003 - CONTROL NUMBER IDENTIFIER |
| control field |
Mx-PuUPA |
| 005 - DATE AND TIME OF LATEST TRANSACTION |
| control field |
20240410104105.0 |
| 006 - FIXED-LENGTH DATA ELEMENTS--ADDITIONAL MATERIAL CHARACTERISTICS |
| fixed length control field |
m o d |
| 007 - PHYSICAL DESCRIPTION FIXED FIELD--GENERAL INFORMATION |
| fixed length control field |
cr ||||||||||| |
| 008 - FIXED-LENGTH DATA ELEMENTS--GENERAL INFORMATION |
| fixed length control field |
160328t20152015mx a ob 000 0 spa d |
| 020 ## - INTERNATIONAL STANDARD BOOK NUMBER |
| International Standard Book Number |
9786078348824 |
| Qualifying information |
(Bonilla Artigas Editores) |
| 020 ## - INTERNATIONAL STANDARD BOOK NUMBER |
| International Standard Book Number |
6078348825 |
| Qualifying information |
(Bonilla Artigas Editores) |
| 020 ## - INTERNATIONAL STANDARD BOOK NUMBER |
| International Standard Book Number |
9786070267659 |
| Qualifying information |
(UNAM) |
| 020 ## - INTERNATIONAL STANDARD BOOK NUMBER |
| International Standard Book Number |
6070267656 |
| Qualifying information |
(UNAM) |
| 035 ## - SYSTEM CONTROL NUMBER |
| System control number |
(OCoLC)945684980 |
| 040 ## - CATALOGING SOURCE |
| Original cataloging agency |
Mx-PuUPA |
| Language of cataloging |
spa |
| Description conventions |
rda |
| Transcribing agency |
Mx-PuUPA |
| Modifying agency |
Mx-PuUPA |
| 041 0# - LANGUAGE CODE |
| Language code of text/sound track or separate title |
spa |
| Language code of original |
eng |
| 100 1# - MAIN ENTRY--PERSONAL NAME |
| Personal name |
Littlewood, Michael, |
| Relator term |
autor |
| 9 (RLIN) |
12073 |
| 240 1# - UNIFORM TITLE |
| Uniform title |
Landscape detailing. |
| Number of part/section of a work |
Volume 2. |
| Name of part/section of a work |
Surfaces. |
| Language of a work |
Español |
| 245 10 - TITLE STATEMENT |
| Title |
Diseño urbano. |
| Number of part/section of a work |
2. |
| Name of part/section of a work |
Pavimentos, rampas, escaleras y márgenes / |
| Statement of responsibility, etc. |
Michael Littlewood ; versión castellana de Santi Castán |
| 264 #1 - PRODUCTION, PUBLICATION, DISTRIBUTION, MANUFACTURE, AND COPYRIGHT NOTICE |
| Place of production, publication, distribution, manufacture |
México : |
| Name of producer, publisher, distributor, manufacturer |
Ediciones G. Gili, |
| Date of production, publication, distribution, manufacture, or copyright notice |
1994 |
| 300 ## - PHYSICAL DESCRIPTION |
| Extent |
213 páginas : |
| Other physical details |
ilustraciones, planos, diagramas ; |
| Dimensions |
30 cm |
| 336 ## - CONTENT TYPE |
| Content type term |
text |
| Content type code |
txt |
| Fuente |
rdacontent |
| 337 ## - MEDIA TYPE |
| Media type term |
sin medio |
| Media type code |
n |
| Source |
rdamedia |
| 338 ## - CARRIER TYPE |
| Carrier type term |
volumen |
| Carrier type code |
nc |
| Source |
rdacarrier |
| 490 0# - SERIES STATEMENT |
| Series statement |
Detalles |
| 650 #7 - SUBJECT ADDED ENTRY--TOPICAL TERM |
| Source of heading or term |
armarc |
| Topical term or geographic name entry element |
Cercas |
| General subdivision |
Diseño y construcción |
| 650 #7 - SUBJECT ADDED ENTRY--TOPICAL TERM |
| Source of heading or term |
Jardines |
| General subdivision |
Diseño y construcción |
| 650 #7 - SUBJECT ADDED ENTRY--TOPICAL TERM |
| Source of heading or term |
Muros |
| General subdivision |
Diseño y construcción |
| 700 1# - ADDED ENTRY--PERSONAL NAME |
| Personal name |
Castán, Santi, |
| Relator term |
traductor |
| 765 08 - ORIGINAL LANGUAGE ENTRY |
| Main entry heading |
Littlewood, Michael, |
| Edition |
3a edition |
| Place, publisher, and date of publication |
[Lugar de publicación no identificada]: Butterwoth-Heinemann, 1993 |
| Title |
Landscape detailing. Volume 2. Surfaces. |
| 942 ## - ADDED ENTRY ELEMENTS (KOHA) |
| Source of classification or shelving scheme |
Dewey Decimal Classification |
| Koha item type |
Libro |
| Classification part |
717 |
| Item part |
L775 |